| 000 | 00548nam a22002057a 4500 | ||
|---|---|---|---|
| 999 |
_c5137 _d5137 |
||
| 003 | OSt | ||
| 005 | 20181221111448.0 | ||
| 008 | 181221b ||||| |||| 00| 0 eng d | ||
| 020 | _a9781579218959 | ||
| 020 | _a1579218954 | ||
| 040 | _cDLC | ||
| 082 |
_a242.2 _bK81D |
||
| 100 | _aKomolafe, David | ||
| 245 |
_aForty Days Of Prophetic Miracles / _cBy David Komolafe. |
||
| 260 |
_aColombia : _bWinepress Publication, _cc2007. |
||
| 300 | _a281 p.: | ||
| 650 |
_aDevotional exercises _xProphecies |
||
| 650 |
_aMiracles _xPrayer |
||
| 942 |
_2ddc _cBK |
||